[Event "AUTO-OPEN-3059"]
[Site "http://www.queenalice.com/game.php?id=1209119"]
[Date "2013.8.17"]
[Round "1"]
[White "ChessColossos"]
[Black "Kalev17"]
[Result "0-1"]
[WhiteElo "1749"]
[BlackElo "1718"]

1. e4 c6 2. d4 d5 3. exd5 cxd5 4. Nf3 Nc6 5. Bb5 Nf6 6. O-O Bg4 7. Re1 e6 8. Nc3
Bd6 9. h3 Bh5 10. Bg5 h6 11. Be3 a6 12. Be2 Bxf3 13. Bxf3 Rc8 14. Rc1 O-O 15.
Qd2 Re8 16. Ne2 Ne7 17. c4 Bc7 18. cxd5 Nexd5 19. Bxd5 Nxd5 20. Bxh6 gxh6 21.
Qxh6 Qf6 22. Qh5 Nf4 23. Nxf4 Qxf4 24. Rcd1 Qh2+ 25. Kf1 Qf4 26. g3 Qf5 27. Qxf5
exf5 28. f4 Kg7 29. Kf2 Bb6 30. Kf1 Rxe1+ 31. Kxe1 Rc2 32. Rd2 Rxd2 33. Kxd2
Bxd4 34. b3 Bf2 35. g4 fxg4 36. hxg4 f5 37. gxf5 Kf6 38. Kd3 Kxf5 39. Ke2 Bh4
40. Kd3 Kxf4 41. Kc4 Ke5 42. b4 Kd6 43. a4 b6 44. b5 a5 45. Kd4 Bf2+ 46. Kc4 Ke5
47. Kc3 Kd5 48. Kb3 Kd4 0-1

[Event "AUTO-OPEN-3059"]
[Site "http://www.queenalice.com/game.php?id=1209120"]
[Date "2013.8.17"]
[Round "1"]
[White "Kalev17"]
[Black "ChessColossos"]
[Result "1-0"]
[WhiteElo "1699"]
[BlackElo "1768"]

1. d4 d5 2. Nf3 Nf6 3. Bf4 Bf5 4. e3 e6 5. c3 Bd6 6. Bg3 Bxg3 7. hxg3 Ne4 8.
Nbd2 Nxd2 9. Qxd2 a6 10. Nh4 Nc6 11. Nxf5 exf5 12. Bd3 g6 13. f3 Qd6 14. Qf2
O-O-O 15. f4 Rde8 16. O-O-O h5 17. Qc2 Rxe3 18. Qf2 Rhe8 19. Rhe1 Qe7 20. Kd2
Rxe1 21. Rxe1 Qd7 22. b3 Rxe1 23. Qxe1 Qe7 24. Qxe7 Nxe7 25. c4 Nc6 26. Kc3 dxc4
27. bxc4 Ne7 28. a4 a5 29. d5 b6 30. Kd4 f6 31. c5 Kb7 32. Kc4 Ka7 33. d6 cxd6
34. cxd6 Nc6 35. d7 Kb7 36. Kd5 Kc7 37. Bb5 Nb4+ 38. Ke6 Kd8 39. Kxf6 Nd5+ 40.
Kxg6 Ne7+ 41. Kxh5 Ng8 42. Kg5 Ne7 43. Kf6 1-0

[Event "AUTO-ADV-2981"]
[Site "http://www.queenalice.com/game.php?id=1225464"]
[Date "2013.10.18"]
[Round "1"]
[White "agilulfo"]
[Black "Kalev17"]
[Result "1-0"]
[WhiteElo "1961"]
[BlackElo "1739"]

1. d4 d5 2. c4 c6 3. Nc3 Nf6 4. Nf3 Bf5 5. Bf4 e6 6. e3 Ne4 7. Bxb8 Rxb8 8. cxd5
exd5 9. Bd3 Nxc3 10. bxc3 Bg4 11. O-O Bd6 12. h3 Bxf3 13. Qxf3 O-O 14. c4 Bc7
15. cxd5 Qxd5 16. Qxd5 cxd5 17. f3 Ba5 18. e4 dxe4 19. fxe4 Bc3 20. Rad1 Bxd4+
21. Kh1 b6 22. Rfe1 Be5 23. Ba6 Rfd8 24. Rd5 Rxd5 25. exd5 f6 26. Rd1 Rd8 27. g4
Kf8 28. Kg2 Ke7 29. Kf3 Rd7 30. Ke4 Rc7 31. Kf5 Kd6 32. g5 g6+ 33. Ke4 f5+ 34.
Kf3 Rc3+ 35. Kg2 Rg3+ 36. Kf2 Rxh3 37. Bf1 Ra3 38. Bc4 b5 39. Bxb5 Rxa2+ 40. Kf3
a5 41. Bc4 a4 42. Bxa2 a3 43. Rb1 h5 44. Rb6+ Kc5 45. Rxg6 1-0

[Event "AUTO-ADV-2981"]
[Site "http://www.queenalice.com/game.php?id=1225465"]
[Date "2013.10.18"]
[Round "1"]
[White "Kalev17"]
[Black "agilulfo"]
[Result "0-1"]
[WhiteElo "1747"]
[BlackElo "1959"]

1. Nf3 Nf6 2. d4 g6 3. Bf4 Bg7 4. e3 O-O 5. Be2 b6 6. O-O Bb7 7. c3 d6 8. Nbd2
c5 9. dxc5 bxc5 10. Rc1 Qb6 11. Qb3 Nd5 12. Bg3 Bh6 13. Bc4 Nf6 14. Qxb6 axb6
15. a3 Ne4 16. Nxe4 Bxe4 17. Nd2 Bb7 18. f4 d5 19. Be2 Nc6 20. Ra1 e5 21. Kf2 e4
22. Kg1 Ba6 23. Bxa6 Rxa6 24. Bf2 Bg7 25. Rac1 d4 26. cxd4 Rd8 27. Nxe4 Ra4 28.
Nc3 Rc4 29. Nb5 Rxc1 30. Rxc1 Na5 31. g3 cxd4 32. exd4 Nb3 33. Rc3 Nxd4 34. Bxd4
Rxd4 35. Nxd4 Bxd4+ 36. Kg2 Bxc3 37. bxc3 f5 38. Kf3 Kf7 39. a4 Ke6 40. c4 Kd6
41. Ke3 Kc5 42. Kd3 Kb4 43. Kd4 Kxa4 44. Kc3 Ka3 45. c5 b5 0-1

[Event "AUTO-ADV-2981"]
[Site "http://www.queenalice.com/game.php?id=1225480"]
[Date "2013.10.18"]
[Round "1"]
[White "callende"]
[Black "Kalev17"]
[Result "0-1"]
[WhiteElo "1868"]
[BlackElo "1735"]

1. e4 c6 2. d4 d5 3. Nc3 e6 4. a3 Be7 5. e5 c5 6. Nf3 Nc6 7. Bb5 Bd7 8. O-O a6
9. Ba4 b5 10. Bb3 c4 11. Ba2 Rc8 12. Ne2 f5 13. c3 h6 14. Nf4 Bg5 15. Nh4 Nge7
16. Qh5+ Kf8 17. Nfg6+ Nxg6 18. Nxg6+ Kg8 19. Nxh8 Kxh8 0-1

[Event "AUTO-ADV-2981"]
[Site "http://www.queenalice.com/game.php?id=1225481"]
[Date "2013.10.18"]
[Round "1"]
[White "Kalev17"]
[Black "callende"]
[Result "1-0"]
[WhiteElo "1756"]
[BlackElo "1847"]

1. Nf3 Nc6 2. d4 d5 3. Bf4 h6 4. e3 a6 5. Bd3 Nf6 6. c3 Nh5 7. Bg3 Nxg3 8. hxg3
Bg4 9. O-O h5 10. Nbd2 e6 11. Rc1 Be7 12. Qb3 Na5 13. Qc2 h4 14. Ne5 Bd6 15.
Nxg4 hxg3 16. fxg3 Bxg3 17. Bg6 Qh4 18. Bxf7+ Ke7 19. Bh5 Rxh5 20. Rf7+ 1-0

[Event "AUTO-ADV-2981"]
[Site "http://www.queenalice.com/game.php?id=1225492"]
[Date "2013.10.18"]
[Round "1"]
[White "Kalev17"]
[Black "ACamargo"]
[Result "0-1"]
[WhiteElo "1800"]
[BlackElo "1939"]

1. d4 d5 2. Nf3 e6 3. Bf4 h6 4. e3 c5 5. Bxb8 Rxb8 6. Bb5+ Bd7 7. Qe2 Nf6 8. Ne5
cxd4 9. Bxd7+ Nxd7 10. Qb5 dxe3 11. fxe3 a6 12. Qxd7+ Qxd7 13. Nxd7 Kxd7 14. O-O
f6 15. Nd2 Bc5 16. Rae1 b5 17. Nb3 Bb6 18. Nd4 Bxd4 19. exd4 Kd6 20. Re2 b4 21.
Rf3 a5 22. Kf2 Rhf8 23. g4 f5 24. gxf5 exf5 25. h4 Rb7 26. Ke3 Re7+ 27. Kd3 Rxe2
28. Kxe2 g5 29. hxg5 hxg5 30. Kf2 f4 31. a3 g4 32. Rb3 Rb8 33. c3 Kc6 34. a4 Kd6
35. Kg2 f3+ 36. Kf2 Ke6 37. cxb4 Rxb4 38. Rxb4 axb4 39. b3 Kd6 40. Kg3 Kc6 41.
Kf2 Kd6 42. Kg3 Kc6 43. Kf2 Kd6 44. Kg3 Ke6 45. Kf2 Kd6 46. Kg3 Ke6 47. Kf2 Kf5
48. a5 Kf4 49. a6 g3+ 50. Kf1 Ke3 51. a7 g2+ 52. Kg1 Ke2 53. a8=Q f2+ 54. Kxg2
f1=Q+ 55. Kg3 Qf3+ 56. Kh2 Kf2 57. Qa2+ Qe2 58. Qxe2+ Kxe2 59. Kg2 Ke3 0-1

[Event "AUTO-ADV-2981"]
[Site "http://www.queenalice.com/game.php?id=1225493"]
[Date "2013.10.18"]
[Round "1"]
[White "ACamargo"]
[Black "Kalev17"]
[Result "0-1"]
[WhiteElo "1988"]
[BlackElo "1776"]

1. d4 d5 2. c4 c6 3. a4 e6 4. e3 Nf6 5. Nc3 Bb4 6. Nf3 O-O 7. Bd3 dxc4 8. Bxc4
Nd5 9. Bxd5 cxd5 10. O-O Nc6 11. Bd2 a6 12. Na2 Bxd2 13. Qxd2 Bd7 14. Rfc1 Rc8
15. h3 Qb6 16. b4 Ne7 17. a5 Qa7 18. Ne5 Bc6 19. f4 f6 20. Nxc6 Nxc6 21. g4 Ne7
22. h4 Rxc1+ 23. Rxc1 Rc8 24. Rxc8+ Nxc8 25. Qc3 Qb8 26. Kf2 Nd6 27. Kf3 b6 28.
Qc6 bxa5 29. bxa5 Qb5 30. Qxb5 Nxb5 31. Nb4 Nc7 32. e4 Kf7 33. h5 Ke7 34. e5
fxe5 35. fxe5 Nb5 36. Ke3 Na3 37. Nc6+ Kd7 38. Nb8+ Ke7 39. Nxa6 Nc4+ 40. Kf4
Nxa5 41. Nc5 Nc6 42. Ke3 Nd8 43. g5 Nf7 44. Kf4 h6 45. gxh6 gxh6 46. Nb7 Nd8 47.
Nxd8 Kxd8 48. Ke3 Kc7 49. Kd3 Kb6 50. Kc3 Ka5 51. Kb3 Kb5 52. Kc3 Ka4 53. Kc2
Kb4 54. Kd3 Kb3 0-1

[Event "AUTO-OPEN-3059"]
[Site "http://www.queenalice.com/game.php?id=1240084"]
[Date "2013.12.14"]
[Round "2"]
[White "Paraucho"]
[Black "Kalev17"]
[Result "1-0"]
[WhiteElo "2027"]
[BlackElo "1752"]

1. e4 c6 2. d4 d5 3. exd5 cxd5 4. h3 Bf5 5. c4 Nc6 6. a3 e6 7. Nc3 Nf6 8. Bg5
dxc4 9. Nf3 Be7 10. Bxc4 a6 11. Qe2 O-O 12. Rd1 Nd5 13. Bc1 b5 14. Bb3 Nxc3 15.
bxc3 Na5 16. Ba2 Rc8 17. Bb2 Bf6 18. O-O Nc4 19. Bc1 Qc7 20. Rfe1 Rfd8 21. Nd2
Bc2 22. Nxc4 Bxd1 23. Rxd1 bxc4 24. Bb1 Rd5 25. Qe4 g6 26. Qf3 1-0

[Event "AUTO-OPEN-3059"]
[Site "http://www.queenalice.com/game.php?id=1240085"]
[Date "2013.12.14"]
[Round "2"]
[White "Kalev17"]
[Black "Paraucho"]
[Result "0-1"]
[WhiteElo "1757"]
[BlackElo "2022"]

1. d4 Nf6 2. Nf3 d5 3. Bf4 e6 4. e3 c5 5. Bxb8 Rxb8 6. c3 cxd4 7. cxd4 Bd6 8.
Bd3 O-O 9. Nc3 b6 10. h3 a6 11. a3 b5 12. O-O Qe7 13. Rc1 Bd7 14. Qd2 Rfc8 15.
Ne2 Qd8 16. Rxc8 Rxc8 17. Rc1 h6 18. Rxc8 Qxc8 19. Qc2 Qxc2 20. Bxc2 a5 21. Kf1
b4 22. axb4 Bxb4 23. Nc1 Bb5+ 24. Nd3 Nd7 25. Kg1 Bd6 26. g3 Nb6 0-1

[Event "AUTO-OPEN-3059"]
[Site "http://www.queenalice.com/game.php?id=1240090"]
[Date "2013.12.14"]
[Round "2"]
[White "Kalev17"]
[Black "robertson"]
[Result "0-1"]
[WhiteElo "1790"]
[BlackElo "1767"]

1. d4 e6 2. c4 Qf6 3. Nf3 h6 4. Nc3 Bb4 5. Bd2 Bxc3 6. Bxc3 Qe7 7. e3 Qd6 8. Bd3
Qe7 9. O-O Nc6 10. a3 d6 11. b4 f6 12. b5 Nd8 13. Bg6+ Kf8 14. Nh4 Qd7 15. Qh5
Qe7 16. Be8 Qxe8 17. Ng6+ Kf7 18. Nxh8+ Ke7 19. Ng6+ Kd7 20. d5 c6 21. bxc6+
bxc6 22. dxc6+ Nxc6 23. Nf4 Qxh5 24. Nxh5 g5 25. Nxf6+ Nxf6 26. Bxf6 Ba6 0-1

[Event "AUTO-OPEN-3059"]
[Site "http://www.queenalice.com/game.php?id=1240091"]
[Date "2013.12.14"]
[Round "2"]
[White "robertson"]
[Black "Kalev17"]
[Result "1-0"]
[WhiteElo "1784"]
[BlackElo "1773"]

1. e4 c6 2. Nf3 d5 3. e5 e6 4. a3 c5 5. c3 Nc6 6. Bb5 Bd7 7. Bf1 a6 8. Qb3 b5 9.
Be2 c4 10. Qc2 Nge7 11. d3 Ng6 12. d4 Be7 13. b3 Rb8 14. b4 a5 15. Bb2 O-O 16.
O-O a4 17. Nbd2 f5 18. exf6 Bxf6 19. Rae1 e5 20. Nb1 exd4 21. cxd4 Qc7 22. Nc3
Qd6 23. Bc1 Na7 24. g3 Bc6 25. Rd1 Rbe8 26. h4 Nc8 27. h5 Nh8 28. Bf4 1-0

[Event "AUTO-ADV-3407"]
[Site "http://www.queenalice.com/game.php?id=1358194"]
[Date "2015.5.7"]
[Round "1"]
[White "Kalev17"]
[Black "maurice91"]
[Result "0-1"]
[WhiteElo "1611"]
[BlackElo "1874"]

1. d4 d5 2. Nf3 Nf6 3. Bf4 e6 4. e3 c5 5. Bxb8 Rxb8 6. c3 Bd6 7. Bb5+ Bd7 8.
dxc5 Bxc5 9. Qa4 a6 10. Bxd7+ Nxd7 11. O-O O-O 0-1

[Event "AUTO-ADV-3407"]
[Site "http://www.queenalice.com/game.php?id=1358195"]
[Date "2015.5.7"]
[Round "1"]
[White "maurice91"]
[Black "Kalev17"]
[Result "1-0"]
[WhiteElo "1868"]
[BlackElo "1617"]

1. d4 d5 2. Nf3 Nf6 3. Bf4 Bf5 4. e3 e6 5. Nbd2 Ne4 6. Bd3 Nxd2 7. Qxd2 Bxd3 8.
cxd3 c5 9. O-O Nc6 10. dxc5 Bxc5 11. d4 Be7 12. a3 1-0